000 00374nam a2200133Ia 4500
008 151001s9999||||xx |||||||||||||| ||und||
100 _aचंद्रकात महामिने
245 _aवळूला वेसण
250 _a1
260 _bशितल मेहता कोल्हापूर
260 _c2013
300 _a214
365 _b18
999 _c1001833
_d1001830